ਜੀਅੜਾ ਅਗਨ ਬਰਾਬਰ ਤਪੈ / (Record no. 79809)

MARC details
000 -LEADER
fixed length control field 00771nam a22002417a 4500
005 - DATE AND TIME OF LATEST TRANSACTION
control field 20131004124602.0
008 - FIXED-LENGTH DATA ELEMENTS--GENERAL INFORMATION
fixed length control field 090728t xxu||||| |||| 00| 0 pun d
010 ## - LCCN (DPL NO)
LC control number PUN-7566
020 ## - INTERNATIONAL STANDARD BOOK NUMBER
Terms of availability 325.00
035 ## - SYSTEM CONTROL NUMBER
System control number PN-6684
037 ## - SOURCE OF ACQUISITION
Source of stock number/acquisition DBAD / PUB
037 ## - SOURCE OF ACQUISITION
Source of stock number/acquisition NBS
040 ## - CATALOGING SOURCE
Original cataloging agency dpl
Language of cataloging pn
082 ## - DEWEY DECIMAL CLASSIFICATION NUMBER
Classification number 921
100 ## - MAIN ENTRY--PERSONAL NAME
Personal name ਹਰਪ੍ਰਾਣ ਬਗ਼ਦਾਦੀ
245 ## - TITLE STATEMENT
Title ਜੀਅੜਾ ਅਗਨ ਬਰਾਬਰ ਤਪੈ /
Statement of responsibility, etc ਹਰਪ੍ਰਾਣ ਬਗ਼ਦਾਦੀ
246 ## - VARYING FORM OF TITLE
Title proper/short title Jiara agan barabar tapiye
Remainder of title by Harpran Bagdadi
260 ## - PUBLICATION, DISTRIBUTION, ETC. (IMPRINT)
Place of publication, distribution, etc New Delhi
Name of publisher, distributor, etc Satwant Book Agency
Date of publication, distribution, etc 2013
270 ## - ADDRESS
City New Delhi
300 4# - PHYSICAL DESCRIPTION
Extent 262p.
Dimensions 22ਸੇਂਮੀ (ਸਜਿਲੱਦ)
942 ## - ADDED ENTRY ELEMENTS (KOHA)
Source of classification or shelving scheme Dewey Decimal Classification
Item type Punjabi Bks
Classification part 921
Call number suffix ਹਰਪ੍ਰਾ
Holdings
Withdrawn status Lost status Source of classification or shelving scheme Damaged status Not for loan Collection code Home library Current library Date acquired Source of acquisition Cost, normal purchase price Total Checkouts Full call number Barcode Date last seen Copy number Cost, replacement price Koha item type
    Dewey Decimal Classification     Non-fiction D.B.Act.Division D.B.Act.Division 04/10/2013 DBAD 325.00   921 ਹਰਪ੍ਰਾ PN-6684 04/10/2013 1 325.00 Punjabi Bks

© Delhi Public Library
Hit Counter
free hit counter